| 000 | 00944nam a22002897a 4500 | ||
|---|---|---|---|
| 001 | aBR2024001973 | ||
| 003 | BR-BrBNA | ||
| 005 | 20240718100931.0 | ||
| 008 | 240718b bl.||||| |||| 00| 0 por d | ||
| 040 |
_aBR-BrBNA _bpor |
||
| 041 | _apor | ||
| 072 | _aH01 ; C10 ; D10 | ||
| 090 | _aH01 BR2024001973 | ||
| 100 | 0 | _aTakehama, Alfredo Seiti | |
| 100 | 0 | _aBritto, Júlio Sérgio de | |
| 110 |
_aMinistério da Agricultura, Pecuária e Abastecimento, Brasília, DF (Brasil) _96897 |
||
| 245 |
_aProcedimentos para fiscalização de estabelecimentos produtores de agrotóxicos _bCurso de Formação para os Candidatos ao Cargo de Fiscal Federal Agropecuário - 4. Turma |
||
| 260 |
_aBrasília, DF (Brasil) _c2003 |
||
| 300 | _a33 p. | ||
| 650 | _aDEFESA VEGETAL | ||
| 650 | _aFISCALIZAÇÃO SANITÁRIA | ||
| 650 | _aAGROTÓXICO | ||
| 650 | _aCURSO | ||
| 650 | _aCAPACITAÇÃO | ||
| 909 |
_a202407 _bFernando |
||
| 942 | _cBK | ||
| 999 |
_c300578 _d300578 |
||